000 00312nam a2200145Ia 4500
100 _aLal/Jagdish
250 _a8
942 _cBK
654 _aFluid
245 _aFluid Mechanics & Hydraulies
260 _bMetropolitan Book
_aNew Delhi
_c1983
082 _a621.26
_bLAL
300 _a1016
546 _aENGLISH
999 _c31821
_d31821